[Event "II Weekend INPS"]
[Site "Roma ITA"]
[Date "1997.??.??"]
[Round "4"]
[White "Satta, Vladimiro"]
[Black "Montecchi, Ugo"]
[Result "1-0"]
[WhiteElo "2230"]
[BlackElo "1833"]
[PlyCount "101"]
[EventDate "1997.??.??"]

1. e4 c5 2. c3 Nf6 3. e5 Nd5 4. d4 cxd4 5. Nf3 e6 6. cxd4 d6 7. Bc4 Nb6 8. Bb3
Be7 9. O-O O-O 10. Nc3 Bd7 11. Bf4 Bc6 12. Rc1 Na6 13. Re1 Nb4 14. Bg3 a5 15.
a3 N4d5 16. Ne4 dxe5 17. dxe5 a4 18. Ba2 Qd7 19. Nd4 Bb5 20. Nxb5 Qxb5 21. Qd4
Rfd8 22. Bb1 Rac8 23. Nd6 Rxc1 24. Rxc1 Qe2 25. Bd3 Qh5 26. Nxb7 Rb8 27. Nd6
Bg5 28. f4 Bh4 29. Bxh4 Qxh4 30. g3 Qh5 31. Qe4 g6 32. Bb5 Rf8 33. Re1 Qg4 34.
Kg2 f5 35. Qf3 Qxf3+ 36. Kxf3 Rb8 37. Rc1 Kf8 38. h4 h5 39. Rc2 Ke7 40. Ke2 Ra8
41. Kd2 Kd8 42. Rc6 Ra7 43. Nc4 Nc8 44. Ra6 Rxa6 45. Bxa6 Na7 46. Nd6 Kc7 47.
Bc4 Kc6 48. Kd3 Kc5 49. Nf7 Nc6 50. Nh8 Nce7 51. Nf7 {...} 1-0

[Event "II Weekend INPS"]
[Site "Roma ITA"]
[Date "1997.??.??"]
[Round "4"]
[White "Scavo, Fernando"]
[Black "Pezzaldi, Roberto"]
[Result "1/2-1/2"]
[WhiteElo "2185"]
[BlackElo "2095"]
[PlyCount "53"]
[EventDate "1997.??.??"]

1. e4 e6 2. d4 d5 3. e5 c5 4. c3 Nc6 5. Nf3 Qb6 6. a3 cxd4 7. cxd4 Bd7 8. b4
Rc8 9. Be3 Nce7 10. Bd3 Bb5 11. O-O Nf5 12. Ra2 Ngh6 13. Rc2 Rxc2 14. Bxb5+
Qxb5 15. Qxc2 Be7 16. Bxh6 Nxh6 17. Qc7 Bd8 18. Qb8 Qa6 19. Rc1 O-O 20. Rc8 Be7
21. h3 f6 22. exf6 gxf6 23. Qg3+ Kf7 24. Rxf8+ Bxf8 25. Nbd2 Nf5 26. Qc7+ Be7
27. Qc3 1/2-1/2

[Event "II Weekend INPS"]
[Site "Roma ITA"]
[Date "1997.??.??"]
[Round "4"]
[White "Simeoni, Matteo"]
[Black "Angelucci, Marco"]
[Result "0-1"]
[WhiteElo "1830"]
[BlackElo "1600"]
[PlyCount "52"]
[EventDate "1997.??.??"]

1. e4 e6 2. d4 d5 3. Nc3 Bb4 4. Bd3 dxe4 5. Bxe4 Nf6 6. Bg5 h6 7. Bxf6 Qxf6 8.
Nf3 c5 9. O-O Nc6 10. Nb5 O-O 11. c3 Ba5 12. dxc5 a6 13. Nbd4 Rd8 14. Bxc6 bxc6
15. Qa4 e5 16. Nxe5 Bc7 17. Nef3 Bb7 18. Qc2 Rd5 19. Rad1 Rxc5 20. Nb3 Rh5 21.
Rd7 Bxh2+ 22. Kh1 Bc8 23. Rdd1 Bg4 24. Qe4 Bg3+ 25. Kg1 Bxf3 26. Qxf3 Rh1+ 0-1

[Event "II Weekend INPS"]
[Site "Roma ITA"]
[Date "1997.??.??"]
[Round "4"]
[White "Siraco, Maurizio"]
[Black "Coppini, Giorgio"]
[Result "1/2-1/2"]
[WhiteElo "1911"]
[BlackElo "2195"]
[PlyCount "20"]
[EventDate "1997.??.??"]

1. d4 d5 2. Nf3 c6 3. c3 e6 4. Bf4 Bd6 5. Bxd6 Qxd6 6. Nbd2 Nf6 7. Qc2 Nbd7 8.
e4 dxe4 9. Nxe4 Nxe4 10. Qxe4 Nf6 1/2-1/2

[Event "II Weekend INPS"]
[Site "Roma ITA"]
[Date "1997.??.??"]
[Round "4"]
[White "Spaziani, Gianni"]
[Black "Ferri, Stefano"]
[Result "0-1"]
[WhiteElo "1761"]
[BlackElo "1901"]
[PlyCount "100"]
[EventDate "1997.??.??"]

1. d4 Nf6 2. c4 g6 3. Nc3 Bg7 4. Bg5 h6 5. Bh4 c5 6. e3 O-O 7. Nf3 cxd4 8. exd4
Qb6 9. Qd2 Nc6 10. Be2 d6 11. O-O Bf5 12. a3 g5 13. Bg3 Ne4 14. Nxe4 Bxe4 15.
d5 Na5 16. Rae1 Qxb2 17. Qxa5 Bc3 18. Qc7 Bxe1 19. Rxe1 Rae8 20. h4 Qc3 21. Kf1
g4 22. Nh2 Bxg2+ 23. Kxg2 Qxe1 24. Bxg4 f5 25. Bh5 Rc8 26. Qxb7 f4 27. Nf3 Qe4
28. Bh2 Qf5 29. Qxe7 Qxh5 30. Qxd6 Qg4+ 31. Kf1 Rxc4 32. Qxh6 Re8 33. Qg5+ Qxg5
34. hxg5 Kg7 35. Kg2 Kg6 36. d6 Kf5 37. g6 Ke6 38. d7 Kxd7 39. g7 Ke6 40. Nh4
Rg8 41. Kf3 Rxg7 42. Bxf4 Rc3+ 43. Be3 Rxa3 44. Ke2 a5 45. Nf3 Rb7 46. Bd2 Rxf3
47. Kxf3 Rb3+ 48. Ke2 a4 49. Kd1 a3 50. Ke2 Rb2 0-1

[Event "II Weekend INPS"]
[Site "Roma ITA"]
[Date "1997.??.??"]
[Round "4"]
[White "Tosoni, Augusto"]
[Black "Quimi, Marco"]
[Result "0-1"]
[WhiteElo "2116"]
[BlackElo "2240"]
[PlyCount "76"]
[EventDate "1997.??.??"]

1. e4 c5 2. Nf3 d6 3. d4 cxd4 4. Nxd4 Nf6 5. Nc3 g6 6. Be3 Bg7 7. f3 O-O 8. Bc4
Nc6 9. Qd2 Bd7 10. O-O-O Qa5 11. Bb3 Rfc8 12. Kb1 Ne5 13. Bh6 Bxh6 14. Qxh6
Rxc3 15. bxc3 Qxc3 16. Qd2 Qc5 17. Rhe1 Rc8 18. f4 Nc4 19. Bxc4 Qxc4 20. Qd3
Qa4 21. Qb3 Qa5 22. e5 Nd5 23. Ka1 Ba4 24. Qb2 Nc3 25. Rc1 b5 26. exd6 exd6 27.
Re7 b4 28. Rce1 Qb6 29. Nb3 Bc6 30. f5 Bd5 31. Qc1 Qa6 32. Re8+ Rxe8 33. Rxe8+
Kg7 34. f6+ Kxf6 35. Qf4+ Kg7 36. Qd4+ f6 37. Nc1 Bxa2 38. Re7+ Bf7+ 0-1

[Event "II Weekend INPS"]
[Site "Roma ITA"]
[Date "1997.??.??"]
[Round "4"]
[White "Trebeschi, Andrea"]
[Black "Ianniello, Riccardo"]
[Result "0-1"]
[WhiteElo "1660"]
[BlackElo "2300"]
[PlyCount "138"]
[EventDate "1997.??.??"]

1. e4 e6 2. d4 Ne7 3. c4 d5 4. cxd5 exd5 5. e5 c5 6. dxc5 Nec6 7. Nf3 Bxc5 8.
Nc3 Be6 9. Bd3 Nd7 10. Qe2 d4 11. Ne4 Bb4+ 12. Ned2 Qa5 13. a3 Be7 14. Bb5 Qb6
15. O-O O-O 16. Re1 Rfd8 17. Bc4 Nf8 18. Bxe6 Nxe6 19. Nc4 Qc7 20. Qd3 Rac8 21.
b3 b5 22. Nb2 Rd5 23. Qe4 Qd7 24. Nd3 Na5 25. Rb1 Nb7 26. b4 Nbd8 27. Bb2 Rc4
28. Nd2 Rc7 29. f4 g6 30. Rbc1 Rxc1 31. Rxc1 f5 32. Qe2 Qb7 33. Nb3 Rd7 34. g3
Qe4 35. Re1 Qd5 36. Na5 Nb7 37. Nxb7 Qxb7 38. Qg2 Qxg2+ 39. Kxg2 Rc7 40. Rc1
Rc4 41. Kf2 g5 42. Kf3 Kf7 43. fxg5 Bxg5 44. Nf4 Bxf4 45. gxf4 Ke7 46. h4 Kd7
47. h5 Kc6 48. Rg1 Rc2 49. Rc1 Rxc1 50. Bxc1 Kd5 51. Ke2 Ke4 52. Bd2 h6 53. Bc1
Ng7 54. Bd2 Kd5 55. Kd3 Nxh5 56. e6 Kxe6 57. Kxd4 Kd6 58. Be3 Ng7 59. Kd3 a6
60. Bc5+ Ke6 61. Bf8 Kf7 62. Bc5 Ne6 63. Be3 Ke7 64. Kc3 Kd6 65. Kd3 Kd5 66.
Bd2 h5 67. Ke3 Kc4 68. Kf3 Kd3 69. Be3 Nd4+ 0-1

[Event "II Weekend INPS"]
[Site "Roma ITA"]
[Date "1997.??.??"]
[Round "4"]
[White "Vallifuoco, Giovanni"]
[Black "Cattarinich, Benedetto"]
[Result "1-0"]
[WhiteElo "2255"]
[BlackElo "1837"]
[PlyCount "69"]
[EventDate "1997.??.??"]

1. d4 d5 2. c4 Nc6 3. Nc3 Nf6 4. cxd5 Nxd5 5. e4 Nxc3 6. bxc3 e5 7. d5 Nb8 8.
Nf3 Bd6 9. Be2 O-O 10. O-O c6 11. c4 cxd5 12. cxd5 Nd7 13. Be3 Qe7 14. Nd2 f5
15. exf5 Nf6 16. Nc4 Bxf5 17. Rc1 Rfc8 18. Bg5 h6 19. Bxf6 Qxf6 20. Bg4 Bxg4
21. Qxg4 Rc7 22. Nxd6 Rxc1 23. Rxc1 Qxd6 24. Rc8+ Rxc8 25. Qxc8+ Kf7 26. Qxb7+
Kf6 27. g3 Qb6 28. Qd7 Qb1+ 29. Kg2 Qe4+ 30. Kh3 Qf5+ 31. Qxf5+ Kxf5 32. Kh4 g6
33. g4+ Kf6 34. g5+ hxg5+ 35. Kg4 1-0

[Event "II Weekend INPS"]
[Site "Roma ITA"]
[Date "1997.??.??"]
[Round "4"]
[White "Vannelli, Vittorio"]
[Black "Barletta, Antonio"]
[Result "1/2-1/2"]
[WhiteElo "1636"]
[BlackElo "1935"]
[PlyCount "101"]
[EventDate "1997.??.??"]

1. e4 c5 2. Nf3 e6 3. d4 cxd4 4. Nxd4 a6 5. Nc3 Qc7 6. Bd3 Nc6 7. Nxc6 Qxc6 8.
Qe2 Bb4 9. Bd2 Nf6 10. a3 Be7 11. O-O d6 12. Nb5 O-O 13. Nxd6 Qxd6 14. e5 Qc7
15. exf6 Bxf6 16. Qe4 g6 17. Rab1 Bd7 18. Bh6 Rfd8 19. Qe3 Bc6 20. Bg5 Qe7 21.
Bxf6 Qxf6 22. Rfe1 Qd4 23. Qh6 Qg4 24. Bf1 Rd5 25. h3 Qg5 26. Qxg5 Rxg5 27.
Rbd1 Rc8 28. Rd2 Kg7 29. h4 Rd5 30. Rxd5 Bxd5 31. c4 Bc6 32. b4 Kf6 33. Rc1 h5
34. Rb1 a5 35. c5 axb4 36. axb4 Ke7 37. b5 Bd5 38. Rc1 Kf6 39. Be2 Ke5 40. Bf3
Bxf3 41. gxf3 Rc7 42. c6 bxc6 43. b6 Rc8 44. b7 Rb8 45. Rxc6 Rxb7 46. Kg2 Rb4
47. Kg3 Kf5 48. Rc7 f6 49. Rc5+ e5 50. Kg2 Rb3 51. Rc7 1/2-1/2

[Event "II Weekend INPS"]
[Site "Roma ITA"]
[Date "1997.??.??"]
[Round "4"]
[White "Vigile, Matteo"]
[Black "Spano' Cuomo, Gaetano"]
[Result "1-0"]
[WhiteElo "1771"]
[BlackElo "1641"]
[PlyCount "99"]
[EventDate "1997.??.??"]

1. e4 e5 2. Nf3 Nc6 3. d4 exd4 4. Nxd4 Bc5 5. Nf5 g6 6. Ne3 Nf6 7. Nc3 O-O 8.
Bc4 Re8 9. O-O Bf8 10. Re1 Ne5 11. Bb3 d6 12. Nc4 Nfg4 13. Nxe5 Nxe5 14. Bf4
Bg4 15. f3 Be6 16. Qd2 a6 17. Bg5 Be7 18. Bxe7 Qxe7 19. Nd5 Bxd5 20. exd5 Qh4
21. Re4 Qd8 22. Rae1 f5 23. R4e2 f4 24. Qxf4 Rf8 25. Qg3 g5 26. Qh3 Kg7 27. c3
Qf6 28. Bc2 h5 29. Qe6 c5 30. Qxf6+ Rxf6 31. Re4 b5 32. h4 gxh4 33. Rxh4 Kh6
34. Rhe4 Rg8 35. Kh2 Rfg6 36. R1e2 R6g7 37. f4 Ng4+ 38. Kh1 Rf7 39. Re6+ Kg7
40. f5 Rd8 41. Rg6+ Kf8 42. Ree6 Re8 43. Rxe8+ Kxe8 44. Rxd6 Ne3 45. Re6+ Re7
46. Be4 a5 47. f6 Rxe6 48. dxe6 b4 49. Bc6+ Kf8 50. e7+ 1-0

[Event "II Weekend INPS"]
[Site "Roma ITA"]
[Date "1997.??.??"]
[Round "4"]
[White "Zagaglia, Alessandro"]
[Black "Collalto, Alessio"]
[Result "1-0"]
[WhiteElo "1537"]
[BlackElo "1600"]
[PlyCount "73"]
[EventDate "1997.??.??"]

1. e4 c5 2. Nf3 e6 3. c3 d5 4. e5 Bd7 5. d4 Qb6 6. Bd3 Bb5 7. O-O Bxd3 8. Qxd3
Nd7 9. a3 Ne7 10. b4 c4 11. Qe2 Ng6 12. Ng5 h6 13. Nh3 Be7 14. Nf4 Ngf8 15. Nh5
Rg8 16. Be3 Nh7 17. f4 O-O-O 18. a4 f5 19. Nd2 Ndf8 20. a5 Qb5 21. Nb1 a6 22.
Na3 Qc6 23. Rfb1 g6 24. Ng3 g5 25. b5 axb5 26. Nxb5 Kb8 27. Qb2 Qa6 28. Na3
Bxa3 29. Qxa3 Nd7 30. Qe7 Rh8 31. Ra4 Kc8 32. Qa3 gxf4 33. Bxf4 Ng5 34. Rab4 b6
35. Qa4 bxa5 36. Rb5 Qc6 37. Rc5 1-0

[Event "II Weekend INPS"]
[Site "Roma ITA"]
[Date "1997.??.??"]
[Round "5"]
[White "Angelucci, Marco"]
[Black "Farina, Saverio"]
[Result "0-1"]
[WhiteElo "1600"]
[BlackElo "2195"]
[PlyCount "82"]
[EventDate "1997.??.??"]

1. e4 e6 2. d3 d5 3. Nd2 c5 4. Ngf3 Nc6 5. g3 Nf6 6. Bg2 Be7 7. O-O O-O 8. Re1
Qc7 9. e5 Nd7 10. Qe2 b5 11. h4 a5 12. Nf1 Nd4 13. Nxd4 cxd4 14. Nh2 Bb4 15.
Bf4 Bxe1 16. Rxe1 Ra6 17. Ng4 Rc6 18. Nf6+ Nxf6 19. exf6 Qd8 20. fxg7 Re8 21.
Qe5 f6 22. Qxd4 Rxc2 23. Bh6 Rc7 24. Bxd5 exd5 25. Qxd5+ Rf7 26. Re3 Bd7 27.
Qd6 Rxe3 28. fxe3 Qe7 29. Qb8+ Qe8 30. Qd6 Bc6 31. Qf8+ Rxf8 32. gxf8=Q+ Qxf8
33. Bxf8 Kxf8 34. Kf2 f5 35. b3 Kg7 36. e4 fxe4 37. dxe4 Bxe4 38. Ke3 Bb1 39.
a3 Bc2 40. Kd4 Bxb3 41. Kc5 Ba4 0-1

[Event "II Weekend INPS"]
[Site "Roma ITA"]
[Date "1997.??.??"]
[Round "5"]
[White "Barletta, Antonio"]
[Black "Fantazzini, Massimiliano"]
[Result "1-0"]
[WhiteElo "1935"]
[BlackElo "1714"]
[PlyCount "61"]
[EventDate "1997.??.??"]

1. e4 e6 2. d4 d5 3. Nc3 Bb4 4. e5 c5 5. a3 Bxc3+ 6. bxc3 Qc7 7. Qg4 f5 8. Qg3
Nc6 9. Nf3 b6 10. Bb5 Kf8 11. dxc5 bxc5 12. O-O Rb8 13. a4 a6 14. Bxc6 Qxc6 15.
Ba3 Ne7 16. Rab1 Bb7 17. a5 f4 18. Qxf4+ Kg8 19. Rb6 Rf8 20. Rxc6 Bxc6 21. Qe3
d4 22. Qg5 Nd5 23. Bxc5 h6 24. Qg4 Rf5 25. Nxd4 h5 26. Qg3 h4 27. Qg4 Rhh5 28.
Nxc6 Rhg5 29. Qxh4 Kf7 30. Qh8 Nf4 31. Qf8+ 1-0

[Event "II Weekend INPS"]
[Site "Roma ITA"]
[Date "1997.??.??"]
[Round "5"]
[White "Cattarinich, Benedetto"]
[Black "Vannelli, Vittorio"]
[Result "0-1"]
[WhiteElo "1837"]
[BlackElo "1636"]
[PlyCount "106"]
[EventDate "1997.??.??"]

1. d4 Nf6 2. c4 d6 3. Nc3 e5 4. d5 Bf5 5. e3 Be7 6. Bd3 Bxd3 7. Qxd3 Nbd7 8. f3
Nc5 9. Qc2 e4 10. fxe4 a5 11. Nf3 O-O 12. O-O Re8 13. e5 dxe5 14. e4 c6 15. Kh1
cxd5 16. cxd5 Rc8 17. Qe2 a4 18. Bd2 b5 19. Nxe5 b4 20. Nb5 Ncxe4 21. Rad1 Qxd5
22. Bf4 Qxa2 23. Ra1 Qd5 24. Rfd1 Nf2+ 25. Qxf2 Qxb5 26. Re1 Bc5 27. Qf3 Bd4
28. Qd3 Qxd3 29. Nxd3 a3 30. Nxb4 Bxb2 31. Rxe8+ Rxe8 32. Rd1 Bc3 33. Na2 Re1+
34. Rxe1 Bxe1 35. Bd6 Bd2 36. Bxa3 Nd5 37. Kg1 f5 38. Kf2 Kf7 39. Ke2 Bg5 40.
Kf3 Ke6 41. Nc1 Nc3 42. Bb2 Ne4 43. Bxg7 Bxc1 44. g4 Ng5+ 45. Kg3 f4+ 46. Kf2
Be3+ 47. Ke2 Kd5 48. h4 Ne6 49. Bf6 Ke4 50. g5 f3+ 51. Kf1 Nf4 52. Bc3 Nh5 53.
Be1 Kf5 0-1

[Event "II Weekend INPS"]
[Site "Roma ITA"]
[Date "1997.??.??"]
[Round "5"]
[White "Celletti, Luca"]
[Black "Iacoacci, Giancarlo"]
[Result "0-1"]
[WhiteElo "1600"]
[BlackElo "1600"]
[PlyCount "90"]
[EventDate "1997.??.??"]

1. e4 c5 2. Nc3 Nc6 3. g3 g6 4. Bg2 Bg7 5. d3 Nf6 6. f4 d6 7. h3 a6 8. Nf3 Qc7
9. O-O O-O 10. Qe1 e5 11. fxe5 dxe5 12. Qf2 Qd6 13. g4 Nd4 14. Nxd4 cxd4 15.
Ne2 Be6 16. Qh4 Nd7 17. Bd2 Rfc8 18. Rfc1 a5 19. Qg3 b5 20. c3 Qb6 21. cxd4
Rxc1+ 22. Bxc1 Rc8 23. Kf1 exd4 24. Nf4 Qc7 25. Qf2 Qxc1+ 26. Rxc1 Rxc1+ 27.
Qe1 Rxe1+ 28. Kxe1 Bxa2 29. Kd1 Nc5 30. Kc2 a4 31. Bf1 b4 32. Ng2 b3+ 33. Kd1
Bb1 34. Ne1 Bh6 35. h4 Be3 36. Ng2 Bxd3 37. Nxe3 dxe3 38. Bg2 Bxe4 39. Bf1 Nd3
40. Be2 Nxb2+ 41. Kc1 a3 42. h5 gxh5 43. gxh5 Kg7 44. h6+ Kxh6 45. Bf3 Nd3+ 0-1

[Event "II Weekend INPS"]
[Site "Roma ITA"]
[Date "1997.??.??"]
[Round "5"]
[White "Chiaretti, Roberto"]
[Black "Satta, Vladimiro"]
[Result "1-0"]
[WhiteElo "2150"]
[BlackElo "2230"]
[PlyCount "73"]
[EventDate "1997.??.??"]

1. e4 e6 2. d4 d5 3. e5 c5 4. c3 Nc6 5. Nf3 Bd7 6. a3 f6 7. exf6 Nxf6 8. b4
cxd4 9. cxd4 Bd6 10. Bd3 O-O 11. Bb2 Qc7 12. Nc3 a6 13. Rc1 b5 14. O-O Rae8 15.
Ne2 Ng4 16. Ng3 g6 17. Rc2 Qd8 18. Re1 Qf6 19. h3 Nxf2 20. Kxf2 Qh4 21. Re5
Nxd4 22. Rce2 Bxe5 23. Rxe5 Nxf3 24. gxf3 Qxh3 25. Bf1 Qh4 26. Qd4 Rf4 27. Re4
Rxf3+ 28. Ke2 Qh2+ 29. Kxf3 dxe4+ 30. Nxe4 Rf8+ 31. Nf6+ Rxf6+ 32. Qxf6 Bc6+
33. Ke3 Qh6+ 34. Kd4 Bd5 35. Kc5 Qe3+ 36. Qd4 Qh6 37. Kb6 1-0

[Event "II Weekend INPS"]
[Site "Roma ITA"]
[Date "1997.??.??"]
[Round "5"]
[White "Collalto, Alessio"]
[Black "Abuhamdieh, Arafat"]
[Result "1-0"]
[WhiteElo "1600"]
[BlackElo "1294"]
[PlyCount "109"]
[EventDate "1997.??.??"]

1. e4 e5 2. Nc3 Nf6 3. Bc4 Be7 4. Nge2 O-O 5. O-O Nxe4 6. Nxe4 d5 7. Bxd5 Qxd5
8. N2c3 Qd8 9. d3 f5 10. Ng3 Nc6 11. Re1 f4 12. Nge4 a6 13. a4 b6 14. Bd2 Nd4
15. Ne2 c5 16. Nxd4 exd4 17. Qe2 Ra7 18. Rad1 Qe8 19. Nd6 Qc6 20. Nxc8 Qxc8 21.
Qe6+ Qxe6 22. Rxe6 b5 23. Rde1 Bd8 24. a5 b4 25. Rc6 Be7 26. Ree6 g5 27. Rxa6
Rxa6 28. Rxa6 Rb8 29. Kf1 Rb5 30. h4 Kf7 31. Ra7 h6 32. hxg5 hxg5 33. g3 Ke6
34. gxf4 gxf4 35. b3 Bd8 36. Bxf4 Bxa5 37. Ra6+ Kf5 38. Bd6 Bd8 39. Ke2 Bg5 40.
Ra7 Bd8 41. Kd1 Ke6 42. Bf4 Bb6 43. Rb7 Kd5 44. Bc7 Kc6 45. Rxb6+ Rxb6 46. Bxb6
Kxb6 47. f4 Kc6 48. Ke2 Kd5 49. Kf3 Ke6 50. Ke4 Kf6 51. f5 Kf7 52. Kd5 Kf6 53.
Kxc5 Kxf5 54. Kxd4 Ke6 55. Kc5 1-0

[Event "II Weekend INPS"]
[Site "Roma ITA"]
[Date "1997.??.??"]
[Round "5"]
[White "Coppini, Giorgio"]
[Black "Rovatti, Paolo"]
[Result "1-0"]
[WhiteElo "2195"]
[BlackElo "1714"]
[PlyCount "43"]
[EventDate "1997.??.??"]

1. e4 c6 2. d3 d5 3. Nd2 dxe4 4. dxe4 e5 5. Ngf3 Bg4 6. Bc4 Nf6 7. Bxf7+ Ke7 8.
Bb3 Nbd7 9. h3 Bh5 10. Qe2 Qe8 11. Nf1 Nc5 12. Ng3 Bxf3 13. Qxf3 g6 14. Bg5 Bg7
15. Qc3 Ncd7 16. Qb4+ c5 17. Qxb7 Kf8 18. O-O-O Nb6 19. Rd6 Nfd7 20. Re6 Qf7
21. Rxb6 Qe8 22. Re6 1-0

[Event "II Weekend INPS"]
[Site "Roma ITA"]
[Date "1997.??.??"]
[Round "5"]
[White "Corvi, Marco"]
[Black "Pierangeli, Andrea"]
[Result "1-0"]
[WhiteElo "2260"]
[BlackElo "1783"]
[PlyCount "111"]
[EventDate "1997.??.??"]

1. e4 e6 2. d3 d5 3. Nd2 c5 4. Ngf3 Nc6 5. g3 Nf6 6. Bg2 Be7 7. O-O O-O 8. e5
Nd7 9. Re1 Qc7 10. Qe2 b5 11. Nf1 Bb7 12. Bf4 Rfe8 13. h4 Rac8 14. N1h2 a6 15.
Ng4 Qd8 16. c3 Kh8 17. Ng5 Kg8 18. Bh3 Rc7 19. Nh2 Nf8 20. Qh5 Bxg5 21. Bxg5
Ne7 22. Ng4 Nd7 23. d4 cxd4 24. cxd4 b4 25. Re3 Qc8 26. Rf3 Nf5 27. Rxf5 exf5
28. Nf6+ Nxf6 29. Bxf6 Re6 30. Bxf5 g6 31. Qg5 Qf8 32. h5 Rec6 33. Kg2 Bc8 34.
hxg6 fxg6 35. Bxg6 hxg6 36. Qxg6+ Rg7 37. Bxg7 Rxg6 38. Bxf8 Kxf8 39. Rc1 Bd7
40. f3 Ke7 41. Rc5 Bc6 42. g4 Kd7 43. Kg3 Rh6 44. Rc1 Bb5 45. f4 Bd3 46. f5 Rh8
47. Rd1 Be4 48. Rd2 a5 49. Rh2 Rg8 50. Rh7+ Kd8 51. Kf4 Rf8 52. Ra7 Ke8 53. e6
Rf6 54. Ra8+ Ke7 55. Ke5 Rf8 56. f6+ 1-0

[Event "II Weekend INPS"]
[Site "Roma ITA"]
[Date "1997.??.??"]
[Round "5"]
[White "Ferri, Stefano"]
[Black "Mogranzini, Roberto"]
[Result "1/2-1/2"]
[WhiteElo "1901"]
[BlackElo "1834"]
[PlyCount "54"]
[EventDate "1997.??.??"]

1. d4 Nf6 2. c4 g6 3. Nc3 Bg7 4. Nf3 O-O 5. g3 d6 6. Bg2 c5 7. O-O Nc6 8. d5
Na5 9. b3 e5 10. dxe6 Bxe6 11. Qc2 Nc6 12. Bb2 Qe7 13. Nh4 Rfe8 14. Qd2 Rad8
15. Rad1 a6 16. Rfe1 Bg4 17. h3 Be6 18. Nd5 Bxd5 19. cxd5 Nb8 20. e4 Nbd7 21.
f4 Nh5 22. Bxg7 Kxg7 23. Qf2 Kg8 24. g4 Nxf4 25. Qxf4 Qxh4 26. Qxd6 Ne5 27. Qb6
Qg3 1/2-1/2

[Event "II Weekend INPS"]
[Site "Roma ITA"]
[Date "1997.??.??"]
[Round "5"]
[White "Ianniello, Riccardo"]
[Black "Passerotti, Pierluigi"]
[Result "1-0"]
[WhiteElo "2300"]
[BlackElo "2310"]
[PlyCount "130"]
[EventDate "1997.??.??"]

1. e4 c5 2. Nf3 Nc6 3. Bc4 d6 4. Qe2 g6 5. O-O Bg7 6. c3 Bd7 7. Bb3 Nf6 8. d4
e5 9. d5 Na5 10. Bc2 b5 11. b4 cxb4 12. cxb4 Nc4 13. Bd3 a6 14. a4 Rb8 15. Bxc4
bxc4 16. Qxc4 Qc8 17. Qd3 Rxb4 18. Ba3 Rxa4 19. Nc3 Qc4 20. Qd2 Nxe4 21. Nxe4
Qxe4 22. Bxd6 f6 23. Rac1 Kf7 24. Bxe5 Rc8 25. Rxc8 Bxc8 26. Re1 Qg4 27. Bg3
Bf8 28. d6 Bd7 29. h3 Qf5 30. Qc3 a5 31. Nd4 Qd5 32. Qc7 Rxd4 33. Qxd7+ Kg8 34.
Re8 Qf7 35. Qc8 Kg7 36. Rd8 Rc4 37. d7 Be7 38. Re8 Rd4 39. d8=Q Bxd8 40. Rxd8
Rxd8 41. Qxd8 a4 42. Qa5 Qd7 43. Qc7 Qxc7 44. Bxc7 Kf7 45. Ba5 Ke6 46. Bc3 f5
47. Kf1 Kd5 48. Ke2 Kc4 49. Bg7 a3 50. Ke3 a2 51. Ba1 h6 52. g3 Kd5 53. Kf4 Ke6
54. h4 Ke7 55. h5 Kf7 56. Bb2 gxh5 57. Kxf5 h4 58. gxh4 Kg8 59. Kg6 Kf8 60.
Kxh6 Kf7 61. h5 Ke6 62. Kg6 Kd5 63. h6 Kc4 64. h7 Kb3 65. h8=Q Kc2 1-0

[Event "II Weekend INPS"]
[Site "Roma ITA"]
[Date "1997.??.??"]
[Round "5"]
[White "Luzi, Alessandro"]
[Black "Gardon, Ermanno"]
[Result "1/2-1/2"]
[WhiteElo "1540"]
[BlackElo "1722"]
[PlyCount "92"]
[EventDate "1997.??.??"]

1. e4 e6 2. d4 c5 3. Nf3 cxd4 4. Qxd4 Nc6 5. Qd1 Nf6 6. Bd3 Bc5 7. O-O Qc7 8.
Nc3 O-O 9. Bg5 Nh5 10. Nh4 Nf4 11. Qg4 Ng6 12. Kh1 d5 13. f4 f6 14. Nxg6 hxg6
15. Bh4 Qf7 16. e5 f5 17. Qh3 Re8 18. g4 Ne7 19. Nb5 Bd7 20. Nc7 Bc6 21. Bf2
d4+ 22. Kg1 Nd5 23. Nxe8 Rxe8 24. Qg3 Kf8 25. c3 Ne3 26. Rfe1 Nxg4 27. Bxd4
Bxd4+ 28. cxd4 Qd7 29. Rad1 Qxd4+ 30. Kf1 Qxb2 31. Re2 Qd4 32. h3 Nh6 33. Red2
Qd5 34. Be2 Qe4 35. Kf2 Nf7 36. Bf3 Qxf3+ 37. Qxf3 Bxf3 38. Kxf3 g5 39. Rd7 Re7
40. Rxe7 Kxe7 41. a4 gxf4 42. h4 Nxe5+ 43. Kxf4 Nf7 44. Rg1 Kf6 45. h5 e5+ 46.
Ke3 Ng5 1/2-1/2

[Event "II Weekend INPS"]
[Site "Roma ITA"]
[Date "1997.??.??"]
[Round "5"]
[White "Marta, Daniele"]
[Black "Scacco, Mauro"]
[Result "1/2-1/2"]
[WhiteElo "1816"]
[BlackElo "2045"]
[PlyCount "76"]
[EventDate "1997.??.??"]

1. d4 Nf6 2. Nf3 g6 3. c4 Bg7 4. Nc3 O-O 5. e4 d6 6. Be2 Bg4 7. Be3 Bxf3 8.
Bxf3 c6 9. O-O Qc7 10. Rc1 Nbd7 11. g3 Rfe8 12. Bg2 e6 13. h3 a6 14. Qd2 Rac8
15. Rfd1 Qb8 16. f4 e5 17. fxe5 dxe5 18. d5 Bf8 19. Kh2 Bc5 20. Rf1 Bxe3 21.
Qxe3 c5 22. Rc2 Qd6 23. Rcf2 Kg7 24. Bf3 Rf8 25. Bd1 Rb8 26. Ba4 Ng8 27. Bxd7
Qxd7 28. Qxc5 Rbc8 29. Qb4 Qc7 30. b3 b5 31. d6 Qc5 32. Nd5 Qxb4 33. Nxb4 bxc4
34. bxc4 Rxc4 35. Nxa6 Rd4 36. Nc7 Rxd6 37. Rc1 f5 38. exf5 gxf5 1/2-1/2

[Event "II Weekend INPS"]
[Site "Roma ITA"]
[Date "1997.??.??"]
[Round "5"]
[White "Matano, Arturo"]
[Black "Vigile, Matteo"]
[Result "0-1"]
[WhiteElo "1705"]
[BlackElo "1771"]
[PlyCount "100"]
[EventDate "1997.??.??"]

1. d4 Nf6 2. Nf3 e6 3. c4 c5 4. Bg5 d5 5. e3 Qa5+ 6. Qd2 Qxd2+ 7. Nbxd2 cxd4 8.
cxd5 dxe3 9. Bxe3 Nxd5 10. Rc1 Nc6 11. Bb5 Bd7 12. O-O Be7 13. Bxc6 Bxc6 14.
Bd4 O-O 15. Ne5 Nf4 16. Nxc6 Ne2+ 17. Kh1 bxc6 18. Rc4 Nxd4 19. Rxd4 Rfd8 20.
Nf3 Bf6 21. Rc4 Bxb2 22. Rb1 Rab8 23. Rxc6 Bd4 24. Rxb8 Rxb8 25. Rc2 Rb1+ 26.
Ng1 g6 27. g3 Rb2 28. Rxb2 Bxb2 29. Kg2 e5 30. Kf3 f5 31. Ke2 Kf7 32. Nf3 Kf6
33. h4 h6 34. Nd2 g5 35. hxg5+ Kxg5 36. f3 h5 37. Kf2 Bc3 38. Nf1 f4 39. Ke2
Bd4 40. Ke1 fxg3 41. Nxg3 h4 42. Ne2 h3 43. Kf1 Be3 44. a4 a5 45. Ng3 Kf4 46.
Nh1 Kxf3 47. Nf2 h2 48. Nh1 Bg1 49. Nf2 e4 50. Nh1 e3 0-1

[Event "II Weekend INPS"]
[Site "Roma ITA"]
[Date "1997.??.??"]
[Round "5"]
[White "Montecchi, Ugo"]
[Black "Zagaglia, Alessandro"]
[Result "1-0"]
[WhiteElo "1833"]
[BlackElo "1537"]
[PlyCount "61"]
[EventDate "1997.??.??"]

1. e4 e6 2. b3 d5 3. Bb2 Nf6 4. exd5 exd5 5. Bd3 Be7 6. h3 Be6 7. Nf3 Nbd7 8.
Nd4 Nc5 9. Bf5 Qd7 10. Qf3 Bxf5 11. Nxf5 Qe6+ 12. Kd1 O-O-O 13. Nxg7 Qc6 14.
Nf5 Qe6 15. Nxe7+ Qxe7 16. Bxf6 Qd6 17. Nc3 Ne4 18. Bxh8 Rxh8 19. Qf5+ Kb8 20.
Kc1 Nxc3 21. dxc3 d4 22. Qd3 Qa3+ 23. Kd2 Rd8 24. c4 Qb4+ 25. Ke2 Re8+ 26. Kf1
Qe7 27. g3 h5 28. Kg2 Qf6 29. Rhe1 Rg8 30. h4 Qxh4 31. Re8+ 1-0

[Event "II Weekend INPS"]
[Site "Roma ITA"]
[Date "1997.??.??"]
[Round "5"]
[White "Morgia, Fabrizio"]
[Black "Viscogliosi, Enzo"]
[Result "1-0"]
[WhiteElo "1600"]
[BlackElo "1732"]
[PlyCount "89"]
[EventDate "1997.??.??"]

1. e4 c5 2. Nf3 d6 3. d4 cxd4 4. Nxd4 Nf6 5. Nc3 a6 6. a4 e6 7. Be2 Be7 8. Be3
Qc7 9. f4 Nbd7 10. O-O b6 11. Bf3 Bb7 12. Kh1 O-O 13. Nb3 Rac8 14. Rc1 Rfe8 15.
Qe1 Bf8 16. Qf2 d5 17. e5 Ne4 18. Bxe4 dxe4 19. Rfe1 f5 20. exf6 Nxf6 21. Bxb6
Qf7 22. h3 Qh5 23. Bd4 Rxc3 24. Bxc3 Nd5 25. Bd4 e3 26. Bxe3 Nf6 27. Qg3 Rd8
28. Bd4 Ne4 29. Qe3 Qh4 30. c4 Bd6 31. Be5 Ng3+ 32. Kg1 Nf5 33. Qf2 Qh5 34.
Bxd6 Rxd6 35. c5 Rd3 36. c6 Bc8 37. Nc5 Rd6 38. Ne4 Rd3 39. Qe2 Qxe2 40. Rxe2
Nd4 41. Rd2 Rxd2 42. Nxd2 Ne2+ 43. Kf2 Nxc1 44. Ke3 Nb3 45. Nxb3 1-0